00462 2200193 4500245003900000020002200039250001100061100001800072700001000090700001200100650001700112005001900129260004100148041001400189084001300203300003200216336000900248338001100257 aUtsuho Vol. 5cIinuma, YuukihText a978-602-02-3631-5 aCet. 1 aIinuma, Yuuki aLanny aBinarti aKomik Jepang a20230202100803 aJakartabElex Media Komputindoc2014 aIndonesia a741.5592 a... jil. :bilus. ;c17 cm. atext avolume